Az Európai elfogatóparancs magyarországon = The European arrest warrant in Hungary
| Main Author: | |
|---|---|
| Format: | Print Book |
| Language: | Hungarian English |
| Published: |
Budapest
Országos Kriminológiai Intézet
2015
|
| In: | Year: 2015 |
| Online Access: |
Table of Contents Blurb (Publisher) |
| Availability in Tübingen: | Present in Tübingen. UB: KB 20 A 8147 |
| Check availability: | HBZ Gateway |
| Subito Delivery Service: | Order now. |
| Keywords: |
MARC
| LEADER | 00000cam a2200000 c 4500 | ||
|---|---|---|---|
| 001 | 864369409 | ||
| 003 | DE-627 | ||
| 005 | 20250221190008.0 | ||
| 007 | tu | ||
| 008 | 160801s2015 xx ||||| 00| ||hun c | ||
| 020 | |a 9789638946898 |9 978-963-89468-9-8 | ||
| 035 | |a (DE-627)864369409 | ||
| 035 | |a (DE-576)47535334X | ||
| 035 | |a (DE-599)BSZ47535334X | ||
| 035 | |a (OCoLC)955197809 | ||
| 035 | |a (OCoLC)955197809 | ||
| 040 | |a DE-627 |b ger |c DE-627 |e rda | ||
| 041 | |a hun |a eng | ||
| 084 | |a 2,1 |2 ssgn | ||
| 100 | 1 | |a Bárd, Petra |e VerfasserIn |0 (DE-588)1016195656 |0 (DE-627)705492230 |0 (DE-576)267198957 |4 aut | |
| 109 | |a Bárd, Petra | ||
| 245 | 1 | 3 | |a Az Európai elfogatóparancs magyarországon |b = The European arrest warrant in Hungary |c Bárd Petra |
| 246 | 3 | 1 | |a The European arrest warrant in Hungary |
| 264 | 1 | |a Budapest |b Országos Kriminológiai Intézet |c 2015 | |
| 300 | |a 237 Seiten |b Diagramme | ||
| 336 | |a Text |b txt |2 rdacontent | ||
| 337 | |a ohne Hilfsmittel zu benutzen |b n |2 rdamedia | ||
| 338 | |a Band |b nc |2 rdacarrier | ||
| 500 | |a Text in ungarischer Sprache, Text in englischer Sprache ist gekürzt | ||
| 546 | |a Text in ungarischer Sprache, Text in englischer Sprache ist gekürzt | ||
| 583 | 1 | |a Archivierung/Langzeitarchivierung gewährleistet |f SSG |x XA-DE-BW |2 pdager |5 DE-21 | |
| 689 | 0 | 0 | |d g |0 (DE-588)4078541-5 |0 (DE-627)104826150 |0 (DE-576)209209097 |a Ungarn |2 gnd |
| 689 | 0 | 1 | |d s |0 (DE-588)4742193-9 |0 (DE-627)367442213 |0 (DE-576)215944321 |a Europäischer Haftbefehl |2 gnd |
| 689 | 0 | |5 DE-101 | |
| 856 | 4 | 2 | |u https://swbplus.bsz-bw.de/bsz47535334Xinh.htm |m B:DE-576;DE-21 |q application/pdf |v 20160826135517 |x Verlag |3 Inhaltsverzeichnis |7 1 |
| 856 | 4 | 2 | |u https://swbplus.bsz-bw.de/bsz47535334Xkla.htm |m B:DE-576;DE-21 |q application/pdf |v 20160826135518 |x Verlag |3 Klappentext |7 1 |
| 935 | |i Blocktest | ||
| 951 | |a BO | ||
| ELC | |b 1 | ||
| LOK | |0 000 xxxxxcx a22 zn 4500 | ||
| LOK | |0 001 3236271302 | ||
| LOK | |0 003 DE-627 | ||
| LOK | |0 004 864369409 | ||
| LOK | |0 005 20160803152129 | ||
| LOK | |0 008 160725||||||||||||||||ger||||||| | ||
| LOK | |0 040 |a DE-21 |c DE-627 |d DE-21 | ||
| LOK | |0 852 |a DE-21 | ||
| LOK | |0 852 1 |c KB 20 A 8147 |9 00 | ||
| LOK | |0 935 |a krim | ||
| LOK | |0 938 |a 1608 |f 34 | ||
| LOK | |0 939 |a 25-07-16 |b l01 | ||
| ORI | |a SA-MARC-krimdoka001.raw | ||
| SIG | |a UB: KB 20 A 8147 | ||
| TIM | |a 100019181116_100020261231 |b 1918-11-16 - 2026 | ||
